| 000 | 01815nam a22003137a 4500 | ||
|---|---|---|---|
| 001 | 4636 | ||
| 003 | FISKH | ||
| 005 | 20240918135348.0 | ||
| 008 | 240918b cb ||||| |||| 00| 0 eng d | ||
| 020 | _a9789996389221 | ||
| 040 |
_aFISKH _bBilingual _cFISKH _dFISKH |
||
| 050 | _aPZ7 | ||
| 082 | _a800 | ||
| 100 |
_aAnonymous _eauthor |
||
| 245 |
_aហុីងនិងគោ / _cby Anonymous |
||
| 250 | _aបោះពុម្ពឆ្នាំ ២០១៥ | ||
| 260 |
_aភ្នំពេញ : _bអផ្សុក ; _c២០១៥ . |
||
| 300 |
_a12 pages : _bcolor illustrations; _c22 cm . |
||
| 490 | _aនិទានអប់រំសម្រាប់កុមារ | ||
| 505 | _aH | ||
| 520 | _aនៅក្នុងត្រពាំងមួយមានកូនហុីងកំពុងលោតលេងសប្បាយ ។ នៅពេលនោះមានមេគោមួយចុះមកផឺកទឺកវាមិនបានឃើញកូនហុីងទើបត្រូវជាន់ងាប់អស់ជាច្រើនក្បាល ។ មេហុីងដឺងក៏ខំបំប៉ោងខ្លួន តែអនិច្ចាមេហុីងក៏ត្រូវបែកពោះស្លាប់។ | ||
| 520 | _aIn a pond, there are bullfrogs jumping and having fun.At that time, a cow came down to drink water, it did not see the bullfrogs , so many were trampled to death. The mother of bullfrog also tried to inflate himself, but inevitablyshe also had a miscarriage. | ||
| 521 | 8 |
_a430
_bLexile estimate |
|
| 521 | 8 |
_aH
_bRaz-Plus |
|
| 650 |
_aមេហុីង _vរឿងនិទានកុមារ |
||
| 650 |
_abullfrog's mother _vchildren's stories |
||
| 942 |
_2ddc _cKHB _n0 |
||
| 999 |
_c4636 _d4636 |
||